000
00288 a2200145 4500
001
62114
020
_a
8534902348
040
_c
Anchieta - Pituba
240
1
0
_a
Bíblia Sagrada
_l
por
245
1
0
_a
Bíblia Sagrada
300
_a
1631
362
0
_a
1991
650
4
_a
Bíblia
942
_c
BK
999
_c
62114
_d
62114